| 000 | 00937nam0a22002531 4500 | ||
|---|---|---|---|
| 001 | rc\2589583 | ||
| 005 | 20250623123106.0 | ||
| 035 | _a(NLR Aleph) 006753908 | ||
| 090 |
_a5773315 _c5773315 |
||
| 100 | _a20110914d1929 |||y0rusy50 ca | ||
| 101 | 0 | _arus | |
| 102 | _aRU | ||
| 105 | _aa z ||||| | ||
| 200 | 1 |
_aСтоляр-любитель _eПрактическое руководство _fИнж. М. Вассерман |
|
| 210 |
_aЛенинград _cКрасная газета _d1929 _gтип. им. Володарского |
||
| 215 |
_a39 с., [1] с. объявл. _cил., черт. _d17х13 см. |
||
| 225 | 1 |
_aПопулярная библиотека журнала "Наука и техника" _vВып. 92 |
|
| 700 | 1 |
_aВассерман _bМ.Н. _gМоисей Наумович |
|
| 801 | 0 |
_aRU _bNLR _gpsbo |
|
| 801 | 1 |
_aRU _bELAR _2rusmarc |
|
| 852 |
_aNLR _j25/425-92 |
||
| 942 | _cBOOK | ||
| 980 | _aNB | ||